Biggest Cities in Delaware in 1950 - Statistics

General Stats
  • This quiz has been taken 63 times
  • The average score is 11 of 20
Answer Stats
Population County Answer % Correct
6,223 Kent Dover
98%
110,356 New Castle Wilmington
98%
6,731 New Castle Newark
81%
5,396 New Castle New Castle
72%
2,346 KentNew Castle Smyrna
68%
1,755 New Castle Middletown
66%
1,794 Sussex Rehoboth Beach
66%
2,904 Sussex Lewes
64%
1,923 Sussex Georgetown
55%
5,179 SussexKent Milford
55%
1,363 New Castle Delaware City
47%
5,314 New Castle Elsmere
45%
2,700 Sussex Laurel
43%
3,087 Sussex Seaford
43%
2,241 Kent Harrington
38%
1,321 Sussex Milton
38%
1,171 New Castle Newport
38%
1,086 Sussex Selbyville
28%
1,472 New Castle Bellefonte
26%
1,468 Sussex Bridgeville
21%
No matching quizzes found
Score Distribution
Percent of People with Each Score
Percentile by Number Answered
Your Score History
You have not taken this quiz